| 000 | 00425cam a2200169ua 4500 | ||
|---|---|---|---|
| 020 | _a81-219-0654-7 | ||
| 041 |
_aeng _h |
||
| 082 |
_a628.112 _bKHU/ST |
||
| 100 | _aKhurmi, R S. | ||
| 245 |
_aSteam tables with mlier diagram in S I units / _cR S Khurmi. _hTextual Documents |
||
| 250 |
_a7 / _b. |
||
| 260 |
_aNew Delhi : _bS.Chand and Co , _c1998. |
||
| 300 | _a ; . | ||
| 504 | _a | ||
| 942 | _cBK | ||
| 999 |
_c5834 _d5834 |
||